Best possible starting lines for each nhl team - Statistics

General Stats
  • This quiz has been taken 56 times
  • The average score is 114 of 192
Answer Stats
team position Answer % Correct
Oilers C Connor McDavid
91%
Ducks C Leo Carlsson
89%
Oilers LW Leon Draisaitl
89%
Blackhawks C Connor Bedard
86%
Bruins RW David Pastrnak
86%
Penguins RD Erik Karlsson
86%
Predators LW Filip Forsberg
86%
Devils C Jack Hughes
86%
Stars RW Mikko Rantanen
86%
Avalanche C Nathan MacKinnon
86%
Wild LD Quinn Hughes
86%
Sabres C Tage Thompson
86%
Panthers C Aleksander Barkov
83%
Kings C Anze Kopitar
83%
Avalanche RD Cale Makar
83%
Bruins RD Charlie McAvoy
83%
Canadiens LW Cole Caufield
83%
Stars LW Jason Robertson
83%
Bruins G Jeremy Swayman
83%
Wild LW Kirill Kaprizov
83%
Devils LD Luke Hughes
83%
Avalanche RW Martin Necas
83%
Canadiens C Nick Suzuki
83%
Predators RD Roman Josi
83%
Hurricanes C Sebastian Aho
83%
Penguins C Sidney Crosby
83%
Maple Leafs C Auston Matthews
80%
Senators LW Brady Tkachuk
80%
Red Wings C Dylan Larkin
80%
Capitals G Logan Thompson
80%
Panthers RW Matthew Tkachuk
80%
Stars RD Miro Heiskanen
80%
Lightning RW Nikita Kucherov
80%
Sabres RD Rasmus Dahlin
80%
Oilers RD Evan Bouchard
77%
Islanders G Ilya Sorokin
77%
Canadiens RW Juraj Slafkovsky
77%
Sharks C Macklin Celebrini
77%
Wild RW Matt Boldy
77%
Capitals RW Alex Ovechkin
74%
Sabres RW Alex Tuch
74%
Kings LW Artemi Panarin
74%
Jets G Connor Hellebuyck
74%
Avalanche LD Devon Toews
74%
Stars G Jake Oettinger
74%
Red Wings G John Gibson
74%
Islanders RW Mathew Barzal
74%
Panthers G Sergei Bobrovsky
74%
Oilers G Tristan Jarry
74%
Lightning G Andrei Vasilevskiy
71%
Lightning C Brayden Point
71%
Kings RD Drew Doughty
71%
Hurricanes LD Jaccob Slavin
71%
Golden Knights C Jack Eichel
71%
Wild C Joel Eriksson Ek
71%
Ducks RD John Carlson
71%
Blues G Jordan Binnington
71%
Canadiens RD Lane Hutson
71%
Senators G Linus Ullmark
71%
Golden Knights LW Mark Stone
71%
Islanders LD Matthew Schaefer
71%
Red Wings RD Moritz Seider
71%
Penguins G Stuart Skinner
71%
Lightning LD Victor Hedman
71%
Rangers RD Adam Fox
69%
Kings RW Adrian Kempe
69%
Flames G Dustin Wolf
69%
Bruins C Elias Lindholm
69%
Wild G Filip Gustavsson
69%
Rangers G Igor Shesterkin
69%
Senators RD Jake Sanderson
69%
Sharks RW Will Smith
69%
Stars C Wyatt Johnston
69%
Blue Jackets LD Zach Werenski
69%
Sabres G Alex Lyon
66%
Ducks LW Cutter Gauthier
66%
Lightning LW Jake Guentzel
66%
Blue Jackets RW Kirill Marchenko
66%
Ducks G Lukas Dostal
66%
Avalanche G Mackenzie Blackwood
66%
Golden Knights RW Mitch Marner
66%
Sabres LD Owen Power
66%
Blackhawks G Spencer Knight
66%
Senators C Tim Stützle
66%
Golden Knights G Adin Hill
63%
Red Wings LW Alex DeBrincat
63%
Hurricanes LW Andrei Svechnikov
63%
Devils RD Dougie Hamilton
63%
Canadiens G Jakub Dobes
63%
Predators G Juuse Saros
63%
Rangers C Mika Zibanejad
63%
Panthers RD Seth Jones
63%
Flyers C Trevor Zegras
63%
Ducks RW Troy Terry
63%
Maple Leafs RW William Nylander
63%
Islanders C Bo Horvat
60%
Wild RD Brock Faber
60%
Penguins RW Bryan Rust
60%
Panthers LW Carter Verhaeghe
60%
Senators RW Claude Giroux
60%
Kings G Darcy Kuemper
60%
Mammoth RW Dylan Guenther
60%
Devils G Jacob Markstrom
60%
Jets LW Kyle Connor
60%
Predators C Ryan O'Reilly
60%
Hurricanes RW Seth Jarvis
60%
Mammoth LW Clayton Keller
57%
Capitals C Dylan Strome
57%
Avalanche LW Gabriel Landeskog
57%
Ducks LD Jackson Lacombe
57%
Flames LW Jonathan Huberdeau
57%
Predators RW Jonathan Marchessault
57%
Blues RW Jordan Kyrou
57%
Jets LD Josh Morrissey
57%
Jets C Mark Scheifele
57%
Oilers RW Matthew Savoie
57%
Sharks G Yaroslav Askarov
57%
Sabres LW Zach Benson
57%
Rangers RW Alexis Lafrenière
54%
Canucks C Elias Pettersson
54%
Panthers LD Gustav Forsling
54%
Devils LW Jesper Bratt
54%
Blue Jackets LW Kent Johnson
54%
Oilers LD Mattias Ekholm
54%
Kings LD Mikey Anderson
54%
Bruins LD Nikita Zadorov
54%
Blues C Robert Thomas
54%
Flyers LW Travis Konecny
54%
Blue Jackets C Adam Fantilli
51%
Flyers G Dan Vladar
51%
Kraken G Joey Daccord
51%
Red Wings RW Lucas Raymond
51%
Maple Leafs LD Morgan Rielly
51%
Golden Knights RD Shea Theodore
51%
Senators LD Thomas Chabot
51%
Blackhawks LD Alex Vlasic
49%
Mammoth C Logan Cooley
49%
Flyers RW Matvei Michkov
49%
Hurricanes G Pyotr Kochetkov
49%
Canucks G Thatcher Demko
49%
Islanders LW Anders Lee
46%
Kraken LW Jared Mccann
46%
Blackhawks LW Teuvo Teravainen
46%
Stars LD Thomas Harley
46%
Kraken LD Vince Dunn
46%
Sharks LW William Eklund
46%
Maple Leafs RD Brandon Carlo
43%
Blues RD Colton Parayko
43%
Capitals LD Jakob Chychrun
43%
Flyers RD Jamie Drysdale
43%
Kraken RW Jordan Eberle
43%
Maple Leafs G Joseph Woll
43%
Canadiens LD Kaiden Guhle
43%
Maple Leafs LW Matthew Knies
43%
Mammoth LD Mikhail Sergachev
43%
Flyers LD Travis Sanheim
43%
Kraken RD Brandon Montour
40%
Bruins LW Casey Mittelstadt
40%
Sharks LD Dmitry Orlov
40%
Jets RD Neal Pionk
40%
Penguins LW Rickard Rakell
40%
Blackhawks RW Andre Burakovsky
37%
Predators LD Brady Skjei
37%
Canucks RW Brock Boeser
37%
Lightning RD Darren Radish
37%
Devils RW Dawson Mercer
37%
Blue Jackets G Elvis Merzlikins
37%
Mammoth G Karel Vejmelka
37%
Mammoth RD Mackenzie Weegar
37%
Golden Knights LD Noah Hanifin
37%
Blues LW Pavel Buchnevich
37%
Rangers LW Will Cuylle
37%
Hurricanes RD Alexander Nikishin
34%
Flames RW Connor Zary
34%
Sharks RD John Klingberg
34%
Flames C Mikael Backlund
34%
Red Wings LD Simon Edvinsson
34%
Rangers LD Braden Schneider
31%
Islanders RD Adam Pelech
29%
Jets RW Gabriel Vilardi
29%
Kraken C Matty Beniers
29%
Capitals RD Rasmus Sandin
29%
Penguins LD Samuel Girard
29%
Canucks RD Filip Hronek
26%
Flames LD Kevin Bahl
26%
Blues LD Philip Broberg
26%
Canucks LD Zeev Buium
26%
Capitals LW Aliaksei Protas
23%
Blackhawks RD Artyom Levshunov
23%
Blue Jackets RD Damon Severson
23%
Flames RD Zayne Parekh
23%
Canucks LW Liam Ohgren
20%
No matching quizzes found
Score Distribution
Percent of People with Each Score
Percentile by Number Answered
Your Score History
You have not taken this quiz